Normal view
MARC view
- PROJECT SUPERVISOR ASST. PROF. DR. MUHAMMAD ZEESHAN
Entry Personal Name
001 - CONTROL NUMBER
- control field: 73040
003 - CONTROL NUMBER IDENTIFIER
- control field: NUST
005 - DATE AND TIME OF LATEST TRANSACTION
- control field: 20210628204946.0
008 - FIXED-LENGTH DATA ELEMENTS
- fixed length control field: 210628|| aca||aabn | a|a d
040 ## - CATALOGING SOURCE
- Original cataloging agency: NUST
- Transcribing agency: NUST
100 ## - HEADING--PERSONAL NAME
- Personal name: PROJECT SUPERVISOR ASST. PROF. DR. MUHAMMAD ZEESHAN
670 ## - SOURCE DATA FOUND
- Source citation: Work cat.: (NUST): MUHAMMAD BILAL KHAN NC MAHAK UROOJ 73039, PR-SOF-1911-FPGA Implementation of Adaptive Digital Beamforming Algortihm, 2020
